ბათუმის შოთა რუსთაველის სახელმწიფო უნივერსიტეტის ბიბლიოთეკა

Легенды и сказания Древней Греции и Древнего Рима. (ბიბ.ჩანაწერი № 60782)

000 -LEADER
fixed length control field 00650nam a22001577a 4500
005 - DATE AND TIME OF LATEST TRANSACTION
control field 20231020124417.0
008 - FIXED-LENGTH DATA ELEMENTS--GENERAL INFORMATION
fixed length control field 231020s1987 ru ||||| |||| 00| 0 rus d
041 ## - LANGUAGE CODE
Language code of text/sound track or separate title rus
080 ## - UNIVERSAL DECIMAL CLASSIFICATION NUMBER
Universal Decimal Classification number 821.14'01 Л-33
100 ## - MAIN ENTRY--PERSONAL NAME
Personal name Нейхардт, Л.
9 (RLIN) 20165
245 ## - TITLE STATEMENT
Title Легенды и сказания Древней Греции и Древнего Рима.
Statement of responsibility, etc.
264 ## - PRODUCTION, PUBLICATION, DISTRIBUTION, MANUFACTURE, AND COPYRIGHT NOTICE
Place of production, publication, distribution, manufacture М.:
Name of producer, publisher, distributor, manufacturer Правда,
Date of production, publication, distribution, manufacture, or copyright notice 1987.
300 ## - PHYSICAL DESCRIPTION
Extent 576 стр.:
Other physical details ил.:
Dimensions 21 см.
653 ## - INDEX TERM--UNCONTROLLED
keyword ლეგენდები და ზღაპრები ძველი საბერძნეთისა და ძველი რომის შესახებ
942 ## - ADDED ENTRY ELEMENTS (KOHA)
Source of classification or shelving scheme
Koha item type წიგნი
ეგზემპლარები
Withdrawn status Lost status Source of classification or shelving scheme Damaged status Not for loan Permanent Location Current Location Shelving location Date acquired Cost, normal purchase price Full call number Barcode Date last seen Copy number Uniform Resource Identifier Price effective from Koha item type Public note
          ბათუმის შოთა რუსთაველის სახელმწიფო უნივერსიტეტის მთავარი ბიბლიოთეკა ბათუმის შოთა რუსთაველის სახელმწიფო უნივერსიტეტის მთავარი ბიბლიოთეკა წიგნსაცავი 2023-10-20 8.00 821.14'01 Л-33 65356 2023-10-20 65356 ბსუ-ს საპატიო დოქტორის გურამ ლორთქიფანიძის საჩუქარი 2023-10-20 წიგნი 8 ლ.